000 00661cam a22002417a 4500
001 15639077
005 20180312092913.0
008 090226s2008 txuac 001 0 eng d
010 _a 2009287012
020 _a9780976522812
020 _a0976522810
035 _a(OCoLC)ocn301543427
040 _aSDB
_cSDB
_dDLC
041 _aeng
042 _alccopycat
080 _a621 WAL
100 1 _a27
101 _aMEC
245 1 0 _aElectromagnetic spectrum new many speeds theory /
_cWalter H. Volkmann.
906 _a7
_bcbc
_ccopycat
_d3
_encip
_f20
_gy-gencatlg
942 _2ddc
_cBK
999 _c44772
_d44772